Opening De l'Attaque des Titans - Statistiques

Statistiques générales
  • Ce quiz a été pris 192 fois
    142 depuis la dernière actualisation
  • Le résultat moyen est 4 sur 7
Statistiques - réponses
Hint Réponse % Correct
S4 Partie 2 The Rumbling
79%
S4 Partie 1 My War
76%
S1 Partie 1 Guren no Yumiya
64%
S3 Partie 1 Red Swan
64%
S2 Shinzou wo Sasageyo
63%
S1 Partie 2 Jiyuu no Tsubasa
37%
S3 Partie 2 Shoukei to Shikabane no Michi
22%
Aucun quiz correspondant
Distribution des résultats
% des personnes avec chaque résultat
Percentile par nombre de réponses
Votre historique - résultats
Vous n’avez pas pris ce quiz depuis la dernière actualisation